| 000 | 00740nam a2200277Ia 4500 | ||
|---|---|---|---|
| 001 | Para_9168 | ||
| 003 | CHAP | ||
| 008 | 220125s2005 xx 000 0 und d | ||
| 010 | _a207903 | ||
| 040 | _cCHAP | ||
| 082 | _a631.584 G7 | ||
| 245 |
_aManual de cultivos orgánicos y alelopatía / _c Grupo Latino LTDA |
||
| 260 |
_aColombia : _b Grupo Latino LTDA |
||
| 300 | _a700 p. | ||
| 440 |
_aVolvamos al campo _9124898 |
||
| 650 |
_aAgricultura orgánica _92005 |
||
| 650 |
_aAlelopatia _93761 |
||
| 650 |
_aPlantas aromáticas _988900 |
||
| 901 | _a631.584 G7 | ||
| 902 | _aM | ||
| 905 | _a0000002005 a 0000000000 00 | ||
| 910 | _a2005 | ||
| 942 | _cPARA | ||
| 942 |
_cPARA _d1 |
||
| 999 |
_c207903 _d207903 |
||